000 00444nam a22001457a 4500
999 _c12513
_d12513
008 190129b ||||| |||| 00| 0 eng d
022 _a2094-8042
082 _2DPer 370.105 M72 Jan-Dec 2011 v59-60
100 _935281
_aSoriano, Edna R.
245 _aSilid-aralan/
_cEdna R. Soriano.
260 _aPhilippines:
_bIn the Grade School, Inc.,
_cc2011.
300 _av60 n1, page 36;
_c27 cm.
650 _aPoetry.
_935282
942 _2ddc
_cPER